Catálogo público

Introducción al mercado agrícola : (Record no. 177769)

MARC details
000 -CABECERA
campo de control de longitud fija 03601nam a2200397 a 4500
001 - NÚMERO DE CONTROL
campo de control dia_6381
003 - IDENTIFICADOR DEL NÚMERO DE CONTROL
campo de control CHAP
005 - FECHA Y HORA DE LA ÚLTIMA TRANSACCIÓN
campo de control 20251117101635.0
007 - CAMPO FIJO DE DESCRIPCIÓN FÍSICA--INFORMACIÓN GENERAL
campo de control de longitud fija ta
008 - DATOS DE LONGITUD FIJA--INFORMACIÓN GENERAL
campo de control de longitud fija 220117s1987 mx d frm 001 0 spa d
010 ## - NÚMERO DE CONTROL DE LA BIBLIOTECA DEL CONGRESO
Número de control de LC 177769
040 ## - FUENTE DE LA CATALOGACIÓN
Centro catalogador/agencia de origen mxchpua
Centro/agencia transcriptor CHAP
041 0# - CÓDIGO DE LENGUA
Código de lengua del texto/banda sonora o título independiente spa
090 ## - LOCALMENTE ASIGNADO TIPO-LC NÚMERO DE CLASIFICACIÓN (OCLC); NÚMERO DE CLASIFICACIÓN LOCAL (RLIN)
Número de clasificación (OCLC) (R) ; Numero de clasificación, CALL (RLIN) (NR) Tesis
Número cutter local (OCLC) ; Número de libro/Signatura topográfica íntegra, CALL (RLIN) M38
año 1987
100 1# - ENTRADA PRINCIPAL--NOMBRE DE PERSONA
Nombre de persona Mauricio Leguízamo, José Antonio
245 10 - MENCIÓN DE TÍTULO
Título Introducción al mercado agrícola :
Resto del título apuntes para su estudio en México /
Mención de responsabilidad, etc. José Antonio Mauricio Leguizamo
264 ## - PRODUCCIÓN, PUBLICACIÓN, DISTRIBUCIÓN, FABRICACIÓN Y COPYRIGHT
Producción, publicación, distribución, fabricación y copyright Chapingo, México :
Nombre del de productor, editor, distribuidor, fabricante El autor,
Fecha de producción, publicación, distribución, fabricación o copyright 1987
300 ## - DESCRIPCIÓN FÍSICA
Extensión v, 138 hojas :
Otras características físicas ilustraciones, gráficas, diagramas
336 ## - TIPO DE CONTENIDO
Fuente rdacontent
Término de tipo de contenido texto
Código de tipo de contenido txt
337 ## - TIPO DE MEDIO
Fuente rdamedia
Nombre/término del tipo de medio no mediado
Código del tipo de medio n
338 ## - TIPO DE SOPORTE
Fuente rdacarrier
Nombre/término del tipo de soporte volumen
Código del tipo de soporte nc
502 ## - NOTA DE TESIS
Nota de tesis Tesis
Tipo de título (Ingeniero Agrónomo Especialista en Industrias Agrícolas) :
-- (Ingeniero Agroindustrial) --
Nombre de la institución que otorga el título UACh. Departamento de Industrias Agrícolas :
-- UACh. Departamento de Ingeniería Agroindustrial,
Año de obtención del título 1987
504 ## - NOTA DE BIBLIOGRAFÍA, ETC.
Nota de bibliografía, etc. Bibliografía: hojas 37-38
520 3# - SUMARIO, ETC.
Sumario, etc. El mercadeo agrícola involucra todo un conjunto de decisiones y acciones que se toman y realizan respectivamente, para que 1os productos agrícolas sean producidos y a través de una serie de operaciones de manejo, almacenamiento, transporte y en muchos casos de transformaci6n, se hagan llegar al consumidor final. En México, el proceso de mercadeo agrícola, cada vez adquiere más importancia, derivada ésta, de su crecimiento económico. Sin embargo, el nivel intermedio de desarrollo económico del país, es el contexto general en el que se enmarca también el desarrollo de este proceso, y que en la actualidad adolece de graves deficiencias, mismas que hasta cierto punto explican los bajos precios de compra al agricultor, por sus productos, y una elevación desmedida de los precios de venta al consumidor. Entre otras, se tienen deficiencias en cuanto a la capacidad de almacenamiento, falta de vías de comunicación y medios de transporte, además de la gran cantidad de intermediarios que participan en los canales de comercialización. Así mismo, el desconocimiento por parte de los pequeños agricultores, acerca del proceso de mercadeo agrícola, aunado a la falta de apoyo institucional, ha propiciado que los intermediarios se aprovechen de la situación, pagando precios muy bajos a los productores y quedándose con una buena parte de la ganancia comercial, pues generalmente los agricultores minifundistas, constituyen una oferta dispersa, heterogénea o irregular, incapaz de influir en el mercado. Por lo tanto, el estudio de los múltiples problemas relacionados con el mercadeo de los productos agrícolas, es uno de los propósitos del presente trabajo. En virtud de la escasez de estudios de tipo general y particular, se ha pretendido elaborar un trabajo que nos permita; introducirnos al estudio del mercadeo agrícola, conocer y entender los aspectos económicos y técnicos, así como los problemas de carácter general, que han de resolverse para hacer llegar un producto agrícola desde el agricultor hasta el consumidor final.
650 13 - PUNTO DE ACCESO ADICIONAL DE MATERIA--TÉRMINO DE MATERIA
Término de materia o nombre geográfico como elemento de entrada Industria agrícola
Subdivisión geográfica México
Fuente del encabezamiento o término atg
650 13 - PUNTO DE ACCESO ADICIONAL DE MATERIA--TÉRMINO DE MATERIA
Término de materia o nombre geográfico como elemento de entrada Mercados de agricultores
Fuente del encabezamiento o término atg
650 13 - PUNTO DE ACCESO ADICIONAL DE MATERIA--TÉRMINO DE MATERIA
Término de materia o nombre geográfico como elemento de entrada Agricultural industry
Subdivisión geográfica México
Fuente del encabezamiento o término atg
650 13 - PUNTO DE ACCESO ADICIONAL DE MATERIA--TÉRMINO DE MATERIA
Término de materia o nombre geográfico como elemento de entrada Farmers' markets
Fuente del encabezamiento o término atg
700 1# - PUNTO DE ACCESO ADICIONAL--NOMBRE DE PERSONA
Nombre de persona García Chávez, Luis Ramiro
Término indicativo de función/relación director
700 1# - PUNTO DE ACCESO ADICIONAL--NOMBRE DE PERSONA
Nombre de persona Pérez Pelayo, Fernando
Término indicativo de función/relación asesor
700 1# - PUNTO DE ACCESO ADICIONAL--NOMBRE DE PERSONA
Nombre de persona Ramayo Ramírez, Luis Felipe
Término indicativo de función/relación asesor
901 ## - ELEMENTOS DE DATOS A LOCAL LDA (RLIN)
a TESIS M38 1987
942 ## - ELEMENTOS DE PUNTO DE ACCESO ADICIONAL (KOHA)
Tipo de ítem Koha TESIS
Fuente del sistema de clasificación o colocación Clasificación Universidad Autónoma Chapingo
902 ## - ELEMENTOS DE DATOS B LOCAL, LDB (RLIN)
a M
905 ## - ELEMENTOS DE DATOS E LOCAL, LDE (RLIN)
a 5232271987 mx nm 8223123322spa16
Holdings
Estado de retiro Estado de pérdida Fuente del sistema de clasificación o colocación Estado dañado Restricciones de uso No para préstamo Código de colección Localización permanente Ubicación/localización actual Fecha de adquisición Fuente de adquisición Total de préstamos Signatura topográfica completa Código de barras Fecha visto por última vez Número de copia Precio válido a partir de Tipo de ítem Koha
    Clasificación Universidad Autónoma de Chapingo   Préstamo interno   Tesis Ingenieria Agroindustrial Ingenieria Agroindustrial 18/01/2022 El autor   Tesis M38 1987 1101003538 02/02/2026 Ej.1 18/01/2022 Tesis
    Clasificación Universidad Autónoma de Chapingo   Préstamo 5 días   Tesis Ingenieria Agroindustrial Ingenieria Agroindustrial 01/03/2023 El autor   Tesis M38 1987 1101013710 02/02/2026 Ej.2 01/03/2023 Tesis